Fundamentals of Physics (Record no. 610361)

000 -LEADER
fixed length control field 00435nam a22001577a 4500
020 ## - INTERNATIONAL STANDARD BOOK NUMBER
International Standard Book Number 047122863
040 ## - CATALOGING SOURCE
Transcribing agency NUST
082 ## - DEWEY DECIMAL CLASSIFICATION NUMBER
Classification number 530
Author Mark HAL
100 ## - MAIN ENTRY--PERSONAL NAME
Personal name Halliday David
9 (RLIN) 5033
110 ## - MAIN ENTRY--CORPORATE NAME
Corporate name or jurisdiction name as entry element Resnick Robert, Walker Jearl
9 (RLIN) 124531
245 ## - TITLE STATEMENT
Title Fundamentals of Physics
Remainder of title Enhanced Problems Version
250 ## - EDITION STATEMENT
Edition statement Sixth Edition
260 ## - PUBLICATION, DISTRIBUTION, ETC.
Place of publication, distribution, etc. US:
Name of publisher, distributor, etc. John Wiley & Sons;
Date of publication, distribution, etc. 2003.
650 ## - SUBJECT ADDED ENTRY--TOPICAL TERM
Topical term or geographic name entry element Fundamentals of Physics
9 (RLIN) 124532
942 ## - ADDED ENTRY ELEMENTS (KOHA)
Source of classification or shelving scheme
Koha item type Book
Holdings
Withdrawn status Lost status Source of classification or shelving scheme Damaged status Not for loan Permanent Location Current Location Shelving location Date acquired Total Checkouts Full call number Barcode Date last seen Price effective from Koha item type
          College of Electrical & Mechanical Engineering (CEME) College of Electrical & Mechanical Engineering (CEME) General Stacks 07/18/2024   530 HAL CEME- 41970 07/18/2024 07/18/2024 Book
          College of Electrical & Mechanical Engineering (CEME) College of Electrical & Mechanical Engineering (CEME)   07/18/2024   530 HAL CEME- 41971 07/18/2024 07/18/2024 Book
© 2023 Central Library, National University of Sciences and Technology. All Rights Reserved.